| 000 | 00926nam a22002897a 4500 | ||
|---|---|---|---|
| 003 | CHAP | ||
| 005 | 20220329135053.0 | ||
| 008 | 971013s1958 r 00010 d | ||
| 010 | _a30446 | ||
| 011 | _a31418 | ||
| 035 | _a35530 | ||
| 040 | _cCHAP | ||
| 082 |
_a338.17361 _bM3 1958 |
||
| 245 | _aManual Azucarero Mexicano | ||
| 260 |
_aMéxico, D.F. : _bCía Editora del Manual Azucarero, _c1958 |
||
| 300 |
_a306 p. _b: ilus |
||
| 590 |
_aBATCH-UPD _b10 _c20130110 _lUCH01 _h1215 |
||
| 590 |
_aBATCH-UPD _b10 _c20130410 _lUCH01 _h0752 |
||
| 590 |
_aBATCH-UPD _b10 _c20130914 _lUCH01 _h0510 |
||
| 590 |
_aCONVERSION _b10 _c20130109 _lUCH01 _h1317 |
||
| 650 | 1 | 4 |
_aAzúcar _xFabricación y refinación _xMéxico. _99154 |
| 650 | 1 | 4 |
_aCaña de azúcar _zMéxico. _918668 |
| 700 | 0 |
_aCárdenas, Jorge G. _924121 |
|
| 901 | _aBK | ||
| 942 | _cLIBRO | ||
| 949 |
_a338.17361 M3 1958 _bBC _cLIBRO _d33724000116711 _eLIBRO _h31903 _i35530 _mD _si |
||
| 999 |
_c30446 _d30446 |
||